00410 2200157 4500001002100000005001500021035002000036245005200056100002600108300003000134260003200164082000800196084001400204020002200218990001200240INLIS00000000000306320250922082133 a0010-09250004101 aSurat Cinta Dari Tuhan /cAhmad Abdul Al Maliyy0 aAhmad Abdul Al Maliyy a414 hlm ;c13,5 x 20,5 cm aDepok :bKaysa Media,c2016 a813 a813 AHM s a978-979-215-000-8 a0755572